Poste des joueurs de l'équipe de France de Handball - Statistiques

Statistiques générales
  • Ce quiz a été pris 821 fois
  • Le résultat moyen est 11 sur 15
Statistiques - réponses
Question Réponse % Correct
A quel poste joue Ludovic Fabregas ? Pivot
92%
A quel poste joue Luka Karabatic ? Pivot
90%
A quel poste joue Nicolas Tournat ? Pivot
89%
A quel poste joue Elohim Prandi ? Arrière gauche
87%
A quel poste joue Thibault Briet ? Arrière gauche
86%
A quel poste joue Kentin Mahé ? Demi-centre
79%
A quel poste joue Nedim Remili ? Demi-centre
77%
A quel poste joue Dylan Nahi ? Ailier gauche
76%
A quel poste joue Melvyn Richardson ? Arrière droit
76%
A quel poste joue Valentin Porte ? Ailier droit
73%
A quel poste joue Dika Mem ? Arrière droit
73%
A quel poste joue Yanis Lenne ? Ailier droit
70%
A quel poste Nikola Karabatic ? Arrière gauche
58%
A quel poste joue Benoît Kounkoud ? Ailier droit
57%
A quel poste joue Romain Lagarde ? Arrière gauche
55%
Aucun quiz correspondant
Distribution des résultats
% des personnes avec chaque résultat
Percentile par nombre de réponses
Votre historique - résultats
Vous n’avez pas pris ce quiz